Splatoon 3 Stages - Sudden Death - Statistics

General Stats
  • This quiz has been taken 164 times
    114 since last reset
  • The average score is 17 of 25
Answers on the Grid
Answers color-coded by a green-red scale on the quiz's grid according to % correct below.
Ancho-V Games
Arowana Mall
Barnacle and Dime
Blackbelly Skatepark
Bluefin Depot
Brinewater Springs
Camp Triggerfish
Crableg Capital
Eeltail Alley
Flounder Heights
Hagglefish Market
Hammerhead Bridge
Humpback Pump Track
Inkblot Art Academy
Kelp Dome
Lemuria Hub
Mahi-Mahi Resort
MakoMart
Manta Maria
Marlin Airport
Mincemeat Metalworks
Moray Towers
Museum d'Alfonsino
Musselforge Fitness
New Albacore Hotel
Piranha Pit
Port Mackerel
Robo ROM-en
Saltspray Rig
Scorch Gorge
Shipshape Cargo Co.
Skipper Pavilion
Snapper Canal
Sturgeon Shipyard
The Reef
Um'ami Ruins
Undertow Spillway
Urchin Underpass
Wahoo World
Walleye Warehouse
 
Answer Stats
Answer % Correct
Hammerhead Bridge
80%
Barnacle and Dime
78%
Bluefin Depot
78%
Mahi-Mahi Resort
78%
Brinewater Springs
76%
Eeltail Alley
74%
Hagglefish Market
74%
Flounder Heights
72%
Humpback Pump Track
72%
Mincemeat Metalworks
72%
MakoMart
70%
Inkblot Art Academy
69%
Marlin Airport
69%
Wahoo World
67%
Crableg Capital
65%
Manta Maria
63%
Lemuria Hub
61%
Undertow Spillway
59%
Robo ROM-en
57%
Scorch Gorge
57%
Um'ami Ruins
57%
Urchin Underpass
57%
Museum d'Alfonsino
56%
Sturgeon Shipyard
52%
Shipshape Cargo Co.
46%
No matching quizzes found
Score Distribution
Percent of People with Each Score
Percentile by Number Answered
Your Score History
You have not taken this quiz since the last reset